Thuyền nghiêng : Tiểu thuyết

Kaydedildi:
Detaylı Bibliyografya
Yazar: Dương, Thị Nhụn
Materyal Türü: Kitap
Dil:Undetermined
Baskı/Yayın Bilgisi: Hà Nội Hội nhà văn 2020
Konular:
Etiketler: Etiketle
Etiket eklenmemiş, İlk siz ekleyin!
Thư viện lưu trữ: Trung tâm Học liệu Trường Đại học Cần Thơ
LEADER 00562nam a2200193Ia 4500
001 CTU_239752
008 210402s9999 xx 000 0 und d
082 |a 895.9223 
082 |b Nh512 
100 |a Dương, Thị Nhụn 
245 0 |a Thuyền nghiêng : 
245 0 |b Tiểu thuyết 
245 0 |c Dương Thị Nhụn 
260 |a Hà Nội 
260 |b Hội nhà văn 
260 |c 2020 
650 |a Tiểu thuyết Việt Nam,Vietnamese fiction 
910 |b nthai 
980 |a Trung tâm Học liệu Trường Đại học Cần Thơ